Statistiken für Hauptstädte, die mit K beginnen

Klicken Sie hier um das Quiz zu spielen!

Allgemein

  • Dieses Quiz wurde 1.654 mal gespielt
  • Das Durchschnittsergebnis liegt bei 9 aus 13

Antwortstatistiken

Hauptstädte% Korrekt
Kairo
83%
Kopenhagen
73%
Kinshasa
71%
Kuala Lumpur
71%
Kiew
70%
Kigali
70%
Kabul
68%
Kathmandu
67%
Kingston
67%
Kuwait-Stadt
67%
Kampala
63%
Kingstown
60%
Khartum
54%

Verteilung der Resultate

Perzentil nach korrekt beantworteten Fragen

Anzahl Personen mit jedem Resultat

Ihre Resultats-Entwicklung

Sie haben dieses Quiz noch nicht gespielt